Cuentos de Oscar Wilde
Guardat en:
| Autor principal: | |
|---|---|
| Format: | Llibre |
| Idioma: | espanyol |
| Publicat: |
Santiago
Colicheuque
1992
|
| Matèries: | |
| Etiquetes: |
Afegir etiqueta
Sense etiquetes, Sigues el primer a etiquetar aquest registre!
|
MARC
| LEADER | 00000nam a2200000 a 4500 | ||
|---|---|---|---|
| 001 | UCH6121 | ||
| 003 | CL-VaPUC | ||
| 008 | 091109e19920000CL |||||||||||||||||spa|d | ||
| 082 | 0 | 4 | |a 823 |b WIL |2 21 |
| 100 | |a Wilde, Oscar |d 1854-1900 |e author |9 347444 | ||
| 245 | 1 | 0 | |a Cuentos de Oscar Wilde |
| 246 | 1 | 3 | |a El gigante egoísta |
| 246 | 1 | 3 | |a La golondrina y el príncipe felíz |
| 246 | 1 | 3 | |a El cumpleaños de la infanta |
| 246 | 1 | 3 | |a El pescador y su alma |
| 246 | 1 | 3 | |a El ruiseñor y la rosa |
| 246 | 1 | 3 | |a El famoso cohete |
| 300 | |a 76 p | ||
| 942 | |c BK | ||
| 945 | |d 20091109 00:00:00 |a lazolas | ||
| 260 | |a Santiago |b Colicheuque |c 1992 | ||
| 650 | 0 | |a Novelas inglesas |9 265220 | |
| 650 | 0 | |a Literatura inglesa |9 312907 | |
| 583 | |a last modification |c 20160520 16:17:19 |k Rodrigo Vera | ||
| 999 | |c 337080 |d 337078 | ||